<?xml version="1.0" encoding="utf-8"?>
<?xml-stylesheet type='text/xsl' href='./oai2.xsl'?>
<OAI-PMH xmlns="http://www.openarchives.org/OAI/2.0/" xmlns:xsi="http://www.w3.org/2001/XMLSchema-instance" xsi:schemaLocation="http://www.openarchives.org/OAI/2.0/ http://www.openarchives.org/OAI/2.0/OAI-PMH.xsd">
  <responseDate>2026-05-15T22:44:21Z</responseDate>
  <request verb="GetRecord" metadataPrefix="marcxml" identifier="record_kuniweb_163939">https://kulturerbe.niedersachsen.de/oai</request>
  <GetRecord>
    <record>
      <header>
        <identifier>record_kuniweb_163939</identifier>
        <datestamp>2025-08-28T09:38:22Z</datestamp>
        <setSpec>slg0111</setSpec>
      </header>
      <metadata>
        <marc:record xmlns:marc="http://www.loc.gov/MARC21/slim" xsi:schemaLocation="http://www.loc.gov/MARC21/slim http://www.loc.gov/standards/marcxml/schema/MARC21slim.xsd">
          <marc:leader>12345nkm  22     uu 4500</marc:leader>
          <marc:controlfield tag="001">163939</marc:controlfield>
          <marc:controlfield tag="003">http://kuniweb.gbv.de</marc:controlfield>
          <marc:controlfield tag="005">2017-12-01T16:41:54</marc:controlfield>
          <marc:controlfield tag="008">|           ||||||||||||||||||||||</marc:controlfield>
          <marc:datafield tag="245" ind1="1" ind2="0">
            <marc:subfield code="a">Umbau der Gipsfabrik von Bruno Steuerlein in Crimderode bei Nordhausen, 1911</marc:subfield>
          </marc:datafield>
          <marc:datafield tag="720" ind1=" " ind2=" ">
            <marc:subfield code="a">Gipsfabrik Bruno Steuerlein</marc:subfield>
          </marc:datafield>
          <marc:datafield tag="655" ind1=" " ind2="7">
            <marc:subfield code="a">Grafik</marc:subfield>
          </marc:datafield>
          <marc:datafield tag="046" ind1=" " ind2=" ">
            <marc:subfield code="k">1911-06-17</marc:subfield>
            <marc:subfield code="k">17.06.1911</marc:subfield>
          </marc:datafield>
          <marc:datafield tag="260" ind1=" " ind2=" ">
            <marc:subfield code="g">1911-06-17</marc:subfield>
            <marc:subfield code="g">17.06.1911</marc:subfield>
          </marc:datafield>
          <marc:datafield tag="520" ind1=" " ind2=" ">
            <marc:subfield code="a">Zeichnung - schwarz-weiß
Herstellungsort - Königshütte, Bad Lauterberg

Auftraggeber und Standort: 
Bruno Steuerlein, Crimderode bei Nordhausen

Information:
Heute ist Krimderode ein Stadtteil im Norden von Nordhausen.

Informationen zum Auftraggeber:
Am Standort der einstigen Gipsmühle stand die „Flehmühle“ oder „Flohmühle“. Für drei Generationen im 18. Jahrhundert war sie im Besitz der Familie Schroedter. Im 19. Jahrhundert werden die Familie Gosse und ein Herr Hartmann als Besitzer geführt. Das heute noch stehende Wohnhaus wurde ca. 1850 errichtet. 
1904 kaufte Carl Bruno Steuerlein die ehemalige Sägemühle, die zu dieser Zeit bereits in eine Gipsmühle umfunktioniert worden war. Die Wasserzufuhr erfolgte über den Mühlgraben. In den 1920er Jahren erlebte der Betrieb seine Blütezeit; aus einer wassergetriebenen Gipsmühle wurde ein größerer Industriebetrieb. Hergestellt wurden u. a. Bau-, Dachdecker-, Stuckateur-, Modell- und Marmorgipse. Es entstanden einzelne Produktions- und Verwaltungsgebäude. 
Mit der Verstaatlichung im Jahr 1981 wurde die Fabrik dem VEB Harzer Gipswerke Rottleberode unterstellt. 1988 wurde die Produktion aus wirtschaftlichen Gründen schließlich eingestellt. Die Gipsfabrik verfiel in den folgenden Jahren und wurde 2000 bis auf das Verwaltungsgebäude (erbaut 1948) und den alten Schachtofen, der seitdem unter Denkmalschutz steht, abgerissen. Der Schachtofen wurde in den 1870er Jahren errichtet und hat eine Grundfläche von 3,3 m x 3,3 m. Bis auf eine Höhe von 6,90 m besteht er aus Porphywerksteinen. Bei seiner Erbauung stand er frei, erst später wurde er mit dem Mühlengebäude umbaut. 
Quelle:
Gipsfabrik Bruno Steuerlein – NordhausenWiki
nordhausen-wiki.de/index.php?title=Gipsfabrik_Bruno_Steuerlein




 (Förderkreis Königshütte Bad Lauterberg e.V.)

Maßstab: 1 zu 50

Literatur in Zusammenhang:
Reinboth, Fritz - Zur Gipsbrennerei und Gipsindustrie am Harz, Harz-Zeitschrift, 69. Jahrgang 2017 S. 98ff</marc:subfield>
          </marc:datafield>
          <marc:datafield tag="650" ind1="1" ind2=" ">
            <marc:subfield code="a">Gipsverarbeitung</marc:subfield>
          </marc:datafield>
          <marc:datafield tag="650" ind1="1" ind2=" ">
            <marc:subfield code="a">Grafik, Fotografie &gt; Zeichnung</marc:subfield>
          </marc:datafield>
          <marc:datafield tag="650" ind1="1" ind2=" ">
            <marc:subfield code="a">Industrie</marc:subfield>
          </marc:datafield>
          <marc:datafield tag="650" ind1="1" ind2=" ">
            <marc:subfield code="a">Nordhausen (Thüringen)</marc:subfield>
          </marc:datafield>
          <marc:datafield tag="773" ind1="0" ind2=" ">
            <marc:subfield code="t">Mühlen-, Gips- und sonstige Anlagen</marc:subfield>
          </marc:datafield>
          <marc:datafield tag="852" ind1=" " ind2=" ">
            <marc:subfield code="a">Industriedenkmal Königshütte Bad Lauterberg im Harz</marc:subfield>
          </marc:datafield>
          <marc:datafield tag="" ind1=" " ind2=" ">
            <marc:subfield code="a">Namensnennung - Nicht kommerziell - Keine Bearbeitungen 4.0 International (CC BY-NC-ND 4.0)</marc:subfield>
          </marc:datafield>
        </marc:record>
      </metadata>
    </record>
  </GetRecord>
</OAI-PMH>
